| 000 | 00520nam a2200181Ia 4500 | ||
|---|---|---|---|
| 003 | GCL | ||
| 008 | 140319s9999 xx 000 0 ara d | ||
| 040 |
_aGCL / _cGCL |
||
| 082 | 0 | 4 |
_a813.03 _bن ك |
| 100 | 1 | _aنجيب محفوظ | |
| 245 | 1 | 0 |
_aكفاح طيبة / _cنجيب محفوظ |
| 260 |
_a[S.N] : _bدار الشروق ، _c1990 |
||
| 300 | _a87 ص | ||
| 490 |
_aتيسير وتبسيط محمد المعلم _v0 |
||
| 650 | 0 | 4 | _aالاطفال |
| 650 | 0 | 4 | _aالقصص التاريخية |
| 942 |
_2ddc _cBK |
||
| 999 |
_c56636 _d56636 |
||